000 00575nam a2200181 i 4500
001 149270
003 ES-MaACL
005 20230906203024.0
007 t|
008 071019s1934 sp ||||1| spa d
100 1 _aVellando, Emilio.
_9113851
245 1 0 _aValorismo
_b: observaciones sobre los fundamentos del estado gremial-corporativo no fascista /
_cEmilio Vellando ; prólogo de Angel de Gregorio.
250 _a2ª ed.
260 _aMadrid :
_bFigaro,
_c1934.
300 _a154 p. ;
_c19 cm.
700 1 _aGregorio, Angel de.
_959896
852 _aES-MaACL
_jA-2095
999 _c149270
_d149270